सावोल्ता केस की हकीकतः(ला वेरदाद सोबरे एल सावोला का मूल स्पेनी से अनुवाद) (Record no. 8067)
[ view plain ]
| 000 -LEADER | |
|---|---|
| fixed length control field | 01395 a2200241 4500 |
| 005 - DATE AND TIME OF LATEST TRANSACTION | |
| control field | 2008092200250.0 |
| 008 - FIXED-LENGTH DATA ELEMENTS--GENERAL INFORMATION | |
| fixed length control field | 080922t xxu||||| |||| 00| 0 hin d |
| 010 ## - LCCN (DPL NO) | |
| LC control number | HIN-81215 |
| 020 ## - INTERNATIONAL STANDARD BOOK NUMBER | |
| International Standard Book Number | 8186425403 |
| Terms of availability | 450.00 |
| 035 ## - SYSTEM CONTROL NUMBER | |
| System control number | HN-53561 |
| 037 ## - SOURCE OF ACQUISITION | |
| Source of stock number/acquisition | D.B.Act / Pub |
| 082 ## - DEWEY DECIMAL CLASSIFICATION NUMBER | |
| Classification number | उ |
| 100 ## - MAIN ENTRY--PERSONAL NAME | |
| Personal name | मेंदोसा, एदुआर्दो |
| 245 ## - TITLE STATEMENT | |
| Title | सावोल्ता केस की हकीकतः(ला वेरदाद सोबरे एल सावोला का मूल स्पेनी से अनुवाद) |
| Statement of responsibility, etc | एदुआर्दो मेंदोसा ;अनुवाद सव्यसाची मिश्र |
| 260 ## - PUBLICATION, DISTRIBUTION, ETC. (IMPRINT) | |
| Place of publication, distribution, etc | नई दिल्ली |
| Name of publisher, distributor, etc | कॉनफ्लुएंस इंटरनेशनल |
| Date of publication, distribution, etc | 2006 |
| 270 ## - ADDRESS | |
| Address | 203 / ई -588 , ग्रेटर कैलाश-11 |
| City | नई दिल्ली |
| Postal code | 110048 |
| Telephone number | 91-11-29216832 |
| Electronic mail address | confluence@connectgroup.in |
| 300 ## - PHYSICAL DESCRIPTION | |
| Extent | 459पृ |
| Dimensions | 23 सेमी(सजिल्द) |
| 650 ## - SUBJECT ADDED ENTRY--TOPICAL TERM | |
| Topical term or geographic name as entry element | हिन्दी उपन्यास |
| 650 ## - SUBJECT ADDED ENTRY--TOPICAL TERM | |
| Topical term or geographic name as entry element | Hindi Novel |
| 700 ## - ADDED ENTRY--PERSONAL NAME | |
| Personal name | मिश्र, सव्यसाची |
| 942 ## - ADDED ENTRY ELEMENTS (KOHA) | |
| Institution code [OBSOLETE] | dpl |
| Item type | Hindi Books |
| Call number prefix | उ / मेंदोसा |
| Source of classification or shelving scheme | Dewey Decimal Classification |
| Classification part | उ |
| Call number suffix | मेंदोसा |
| Withdrawn status | Lost status | Source of classification or shelving scheme | Damaged status | Not for loan | Home library | Current library | Date acquired | Cost, normal purchase price | Total Checkouts | Full call number | Barcode | Date last seen | Copy number | Cost, replacement price | Koha item type |
|---|---|---|---|---|---|---|---|---|---|---|---|---|---|---|---|
| Dewey Decimal Classification | D.B.Act.Division | D.B.Act.Division | 22/09/2008 | 450.00 | उ मेंदोसा | HN-53561 | 15/09/2008 | 1 | 450.00 | Hindi Books |
